000 00518nam a2200205Ia 4500
003 GCL
008 140319s9999 xx 000 0 eng d
040 _aGCL /
_cGCL
082 0 4 _a747.3
_bG I
100 1 _aGILBERG, LYNNE
245 1 0 _aIDEAS FOR GREAT WINDOW TREATMENTS /
_cGILBERG, LYNNE
260 _a[S.N] :
_bSUNSET PUBLISHING COPERATION ،
_c1996
300 _a96 P
650 0 4 _aARTS
650 0 4 _aWINDOWS
650 0 4 _aDECORATION
650 0 4 _aINTERIOR DESIGN
650 0 4 _aCURTAINS
942 _2ddc
_cBK
999 _c13815
_d13815